Sports Quiz

Random Sports or NFL Quiz
Score 0/32 Timer 08:00
0 Plays Today
Yards: QB: % Correct
521Dan Marino
96.2%
520Matthew Stafford
95.7%
510Drew Brees
92.8%
472Peyton Manning
90.9%
506Tony Romo
90%
443Tom Brady
89%
503Philip Rivers
88%
423Aaron Rodgers
88%
421Matt Ryan
87.1%
456Ben Roethlisberger
85.2%
449Kirk Cousins
85.2%
432Cam Newton
84.2%
449Steve Young
83.3%
385Joe Flacco
83.3%
513Phil Simms
82.3%
450Donovan McNabb
81.3%
Yards: QB: % Correct
440Carson Palmer
79.9%
484Kurt Warner
78.5%
416Matt Schaub
76.6%
427Matt Hasselbeck
76.1%
432Mark Brunell
73.2%
499Jake Plummer
67%
481Vinny Testaverde
67%
504Elvis Grbac
51.2%
417Drew Bledsoe
49.3%
486Doug Williams
46.4%
490Tommy Kramer
42.6%
509Vince Ferragamo
36.4%
429Kelly Holcomb
32.1%
492Billy Volek
30.6%
424Jeff Hostetler
28.2%
422Jim Miller
28.2%
Remove Ads.
Support Sporcle.
Get the best of Sporcle when you Go Orange. This ad-free experience offers more features, more stats, and more fun while also helping to support Sporcle. Thank you for becoming a member.

You're not logged in!

Compare scores with friends on all Sporcle quizzes.
OR
Log In

Sporcle TV

Today on Sporcle TV


Watch our educational content, quiz creation guides, and fun videos on Sporcle TV.

Show Comments

Extras

Top Quizzes Today


Score Distribution

Paid Content

Your Account Isn't Verified!

In order to create a playlist on Sporcle, you need to verify the email address you used during registration. Go to your Sporcle Settings to finish the process.

Report this User

Report this user for behavior that violates our Community Guidelines.

Details: